Statistics for Guess the Taylor Swift song with no hints #2

Click here to take the quiz!

General Stats

  • This quiz has been taken 117,656 times
  • The average score is 153 of 232

Answer Stats

Answer% Correct
I
98%
a
96%
you
95%
You
95%
the
91%
The
91%
we
90%
We
90%
me
89%
To
81%
to
81%
When
80%
when
80%
and
78%
And
78%
in
75%
In
75%
so
75%
It
74%
it
74%
on
74%
were
74%
Are
73%
be
73%
of
71%
was
71%
your
71%
Then
68%
us
68%
my
67%
too
67%
all
64%
at
64%
out
63%
now
61%
woods
61%
Looking
59%
looking
59%
Remember
59%
remember
59%
could
57%
up
57%
yet
57%
clear
56%
like
56%
night
56%
But
55%
did
55%
baby
54%
back
54%
good
53%
came
52%
Last
52%
room
52%
sun
51%
hit
50%
oh
50%
Oh
50%
simple
50%
soon
50%
Twenty
50%
hospital
49%
thinking
49%
took
49%
crying
48%
free
48%
Polaroid
48%
seems
48%
black
47%
color
47%
couch
47%
dance
47%
stitches
47%
take
47%
together
47%
white
47%
couldn't
46%
fall
46%
I'm
46%
just
46%
lying
46%
said
46%
screaming
46%
started
46%
world
46%
December
45%
from
44%
rest
44%
apart
43%
brakes
43%
discovered
43%
neck
43%
Two
43%
heat
42%
hanging
41%
chance
40%
forget
40%
move
40%
decided
39%
flying
39%
furniture
39%
monsters
39%
paper
39%
quite
39%
trees
39%
turned
39%
walked
39%
airplanes
38%
built
38%
stood
38%
setting
37%
necklace
36%

Score Distribution

Percentile by Number Answered

Percent of People with Each Score

Your Score History

You have not taken this quiz